00665cam a22001932 4500001001100000005001700011008004100028020001700069040001500086050002100101100003700122245015100159250001200310260004400322300002500366650004500391700003200436852000300468000001275920151217152113.0090319s xx 000 0 eng d a0324270577 : aKABUcKABU 0aKF889b.M55 20051 aMiller, Roger LeRoy.@000009754514aThe Legal and e-commerce environment today :bbusiness in its ethical, regulatory and international setting /cRoger LeRoy Miller, Frank B. Cross. a4th ed. aMason, Ohio :bThomson learning,c2005. axxxvi, 778, [117] p. 0aBusiness lawzUnited States.@00001533611 aCross, Frank B.@00001533631